00829cam a22002654a 450000100090000000300050000900500170001400800410003101000170007202000150008904000180010404200080012205000260013008200140015610000190017024501270018926000400031630000350035650400510039165000230044265000210046565000420048670000160052870000190054412464549Nust20170105095819.0010710s2002 inu b 001 0 eng  a 2001093491 a0672322439 aDLCcDLCdDLC apcc00aQA76.9.A25bD328 200200a005.82211 aDanesh, Arman.10aSafe and secure :bsecure your home network, and protect your privacy online /cArman Danesh, Felix Lau, and Ali Mehrassa. aIndianapolis, Ind. :bSams,cc2002. axiii, 359 p. :bill. ;c24 cm. aIncludes bibliographical references and index. 0aComputer security. 0aData protection. 0aComputer networksxSecurity measures.1 aLau, Felix.1 aMehrassa, Ali.